Tukár časopis ZO KSS, ZS ROH, ZS ČSM a správy závodu pri Bratislavských tukových závodoch, národný podnik Bratislava

Bibliographic Details
Previous Title:Zlepšovateľ
Corporate Authors: Bratislavské tukové závody, n.p. (Bratislava) (Publisher), Knižné závody, n.p. (Bratislava) závod Trnava
Other Authors: Benau, Ján (Publishing director), Karšay, A. (Publishing director)
Format: Journal
Language:Slovak
PhysicalDescription:3 roč. 30 x 21 cm
Published: Bratislava ZO KSS, ZS ROH, ZS ČSM a správa závodu pri Bratislavských tukových závodoch, n. p. v Bratislave 1953-1955
Subjects:

MARC

LEADER 00000nas a22000001a 4500
001 vtls010302423
003 SK-MaSNL
005 20260228162643.0
008 110810d19531955xo er p r 0 b0slo
015 |a SNBDS17XX9999 
015 |a 1705  |2 Balúnová 1945-60 
038 |a SNKBUDS 
040 |a SNK  |b slo  |c SNK  |e AACR2 
041 0 |a slo 
044 |a xo  |c SK 
080 |a 664  |2 2001 
245 0 0 |a Tukár  |b časopis ZO KSS, ZS ROH, ZS ČSM a správy závodu pri Bratislavských tukových závodoch, národný podnik Bratislava 
260 |a Bratislava  |b ZO KSS, ZS ROH, ZS ČSM a správa závodu pri Bratislavských tukových závodoch, n. p. v Bratislave  |c 1953-1955 
300 |a 3 roč.  |c 30 x 21 cm 
310 |a 1x za dva týždne  |b 1954-1955 
321 |a 1x mesačne  |b 1953 
362 0 |a Roč. II, č. 1 (febr. 1953)-roč. IV, č. 4 (23.3.1955) 
500 |a Vych. v Bratislave mesačne, od 1/III (15. jan. 1954) dvojtýždenne 
500 |a Red. red. kruh. Ved. red. Ján Benau, od 21/III (5. dec. 1954) A. Karšay 
500 |a Vyd. ZO KSS, ZS ROH, ZS ČSM a správa závodu pri Bratislavských tukových závodoch, n. p. v Bratislave 
500 |a Tlač. Knižné závody, n. p. Trnava 
500 |a Vych. od febr. 1953. Pov. PIO č. 2577/52/2 z 21. febr. 1952. Zanikol, posl. číslo 4/IV z 23. marca 1955 
505 8 0 |g Roč. II. 1953 17 č. po 4 s. 
505 8 0 |g Roč. III. 1954 22 č. po 4 s. 
505 8 0 |g Roč. IV. 1955 4 č. po 4 s. 
580 |a Nadviazal na časopis Zlepšovateľ 
610 2 7 |a Bratislavské tukové závody, n.p. (Bratislava, Slovensko)  |x časopisy  |2 SNKBUDS  |9 271719 
650 0 7 |a potravinársky priemysel  |2 SNKPH  |9 974 
655 7 |a podnikové časopisy  |2 SNKBUDS  |9 265225 
700 1 |a Benau, Ján  |4 pbd  |9 271720 
700 1 |a Karšay, A.  |4 pbd  |9 271721 
710 2 |a Bratislavské tukové závody, n.p. (Bratislava)  |e vydav.  |9 271722 
710 2 |a Knižné závody, n.p. (Bratislava)  |b závod Trnava  |9 271723 
780 0 0 |t Zlepšovateľ 
852 |a SNK  |b 10000  |h ČSB 1410 
852 |a UKB  |b 300000  |h SB 1224 
852 |a UKB  |b 300000  |h 20 B 819 
852 |a SVKKK  |b 900000  |h C 408 
999 |c 8155  |d 10085